000 00458nmm a2200145Ia 4500
008 251105s9999||||xx |||||||||||||||||und||
041 _aspa
100 _aMannix, Daniel P.
245 0 _aBreve historia de los gladiadores
264 _a[Madrid, España] :
_bEdiciones Nowtilus,
_c[Fecha de publicación no identificada]
300 _a256 páginas
650 _aHistory of Europe
856 _uhttps://public.digitaliapublishing.com/a/84504
942 _cCF
999 _c103812
_d103812